|
|
|
|
| LEADER |
02564nam a2200661 i 4500 |
| 001 |
nkc20233546587 |
| 003 |
CZ PrNK |
| 005 |
20240716235006.0 |
| 007 |
ta |
| 008 |
230907s2023 xr f 000 0 cze |
| 015 |
|
|
|a cnb003546587
|
| 020 |
|
|
|a 978-80-88018-51-3
|q (brožováno)
|
| 035 |
|
|
|a (OCoLC)1402156270
|
| 040 |
|
|
|a BOA001
|b cze
|e rda
|
| 041 |
0 |
|
|a cze
|b cze
|b eng
|
| 043 |
|
|
|a e-xr---
|
| 045 |
|
|
|a y2y2
|
| 072 |
|
7 |
|a 342.53
|x Zákonodárství
|2 Konspekt
|9 16
|
| 080 |
|
|
|a 342.537.3/.5
|2 MRF
|
| 080 |
|
|
|a 328.13+342.51
|2 MRF
|
| 080 |
|
|
|a 343.222
|2 MRF
|
| 080 |
|
|
|a 616.98:578.834
|2 MRF
|
| 080 |
|
|
|a 616-036.21
|2 MRF
|
| 080 |
|
|
|a (437.3)
|2 MRF
|
| 080 |
|
|
|a (048.8)
|2 MRF
|
| 100 |
1 |
|
|a Kotlán, Pavel,
|d 1977-
|7 jo20010087025
|4 aut
|
| 245 |
1 |
0 |
|a Problematické aspekty legislativní a exekutivní činnosti související s pandemií nemoci COVID-19 /
|c Pavel Kotlán
|
| 264 |
|
1 |
|a Praha :
|b Nadace Nadání Josefa, Marie a Zdeňky Hlávkových,
|c 2023
|
| 300 |
|
|
|a 86 stran ;
|c 25 cm
|
| 336 |
|
|
|a text
|b txt
|2 rdacontent
|
| 337 |
|
|
|a bez média
|b n
|2 rdamedia
|
| 338 |
|
|
|a svazek
|b nc
|2 rdacarrier
|
| 490 |
1 |
|
|a Studie Národohospodářského ústavu Josefa Hlávky ;
|v 1/2023
|
| 500 |
|
|
|a 200 výtisků
|
| 504 |
|
|
|a Obsahuje bibliografii a bibliografické odkazy
|
| 546 |
|
|
|a České a anglické resumé
|
| 648 |
|
4 |
|a 2020-2022
|
| 648 |
|
7 |
|a 21. století
|7 ch460559
|2 czenas
|
| 650 |
0 |
7 |
|a zákonodárství
|7 ph116797
|z Česko
|y 21. století
|2 czenas
|
| 650 |
0 |
7 |
|a výkonná moc
|7 ph127436
|z Česko
|y 21. století
|2 czenas
|
| 650 |
0 |
7 |
|a trestní odpovědnost
|7 ph119629
|z Česko
|y 21. století
|2 czenas
|
| 650 |
0 |
7 |
|a covid-19
|7 ph1075649
|2 czenas
|
| 650 |
0 |
7 |
|a pandemie
|7 ph330262
|z Česko
|y 21. století
|2 czenas
|
| 650 |
0 |
9 |
|a legislation
|z Czechia
|y 21st century
|2 eczenas
|
| 650 |
0 |
9 |
|a executive power
|z Czechia
|y 21st century
|2 eczenas
|
| 650 |
0 |
9 |
|a criminal liability
|z Czechia
|y 21st century
|2 eczenas
|
| 650 |
0 |
9 |
|a Covid-19 (disease)
|2 eczenas
|
| 650 |
0 |
9 |
|a pandemy
|z Czechia
|y 21st century
|2 eczenas
|
| 655 |
|
7 |
|a studie
|7 fd133597
|2 czenas
|
| 655 |
|
9 |
|a studies
|2 eczenas
|
| 830 |
|
0 |
|a Studie (Národohospodářský ústav Josefa Hlávky)
|0 s
|
| 856 |
4 |
1 |
|u http://www.digitalniknihovna.cz/mzk/uuid/uuid:12316b80-19ad-11ef-aef8-5ef3fc9bb22f
|y Digitalizovaný dokument
|x NDK
|
| 910 |
2 |
|
|a BOA001
|b 2-1513.522
|
| 928 |
9 |
|
|a Nadání Josefa, Marie a Zdeňky Hlávkových
|
| 990 |
|
|
|a BK
|
| 995 |
|
|
|a 01
|
| 991 |
|
|
|b 202309
|c NOV
|
| 996 |
6 |
|
|b 2610947915
|c 2-1513.522
|l MZK
|r Sklad / do 1 hodiny
|n 0
|p p.v.
|w 001937824
|u 000010
|a 1
|e BOA001
|j MZK50
|s P
|